000
00232 a2200097 4500
001
27478
100
_a
Pronikov, A S
245
_a
Dependability & Durability of Engg. Prod.
260
_a
_b
Butterworths
_c
1973
090
_c
18272
_d
18272
942
_a
NUST-CAE
_c
M
_c
9194
999
_c
262551
_d
262551